La Gestión tributaria y el servicio al contribuyente
ISBN:
84-7196-903-3
Descripción Física:
205 p. ; 24 cm
Colección:
Monografía ; 96
MARC
| LEADER | 00000nam a2200000Ia 4500 | ||
|---|---|---|---|
| 001 | 18150 | ||
| 008 | 160829s1991 xx 000 0 cat d | ||
| 020 | |a 84-7196-903-3 | ||
| 080 | |a M-5-238 | ||
| 245 | |a La Gestión tributaria y el servicio al contribuyente | ||
| 260 | |a Madrid : |b Instituto de Estudios Fiscales, |c 1991 | ||
| 300 | |a 205 p. ; |c 24 cm | ||
| 490 | |a Monografía ; 96 | ||
| 590 | |a Ponències presentades a les Jornadas de Gestión Tributaria | ||
| 650 | |a Impostos |x Administració i procediment |x Espanya |x Congressos |9 22097 | ||
| 650 | |a Política fiscal |x Congressos |9 22098 | ||
| 710 | |a Instituto de Estudios Fiscales (Madrid) |9 52635 | ||
| 901 | |a Arxiu | ||
| 942 | |n 1 | ||
| 952 | |0 0 |1 0 |4 0 |6 M5238 |7 1 |9 42058 |a Arxiu |b Arxiu |d 2016-12-01 |l 0 |o M-5-238 |p 18150 |r 2016-12-01 00:00:00 |w 2016-12-01 |y ARXIU | ||
| 999 | |c 44505 |d 44505 | ||